000 00297nam a22001337a 4500
008 170816b xxu||||| |||| 00| 0 eng d
020 _a0130218669
041 _aeng
080 _22ND
_a51
100 _a36
101 _aMAT
245 _aALGEBRA AND TRIGONOMETRY
_cHESTENES,M.D
942 _2udc
_cBK
999 _c23611
_d23611